Former State Capitals of the United States - Statistics

General Stats
  • This quiz has been taken 197 times
  • The average score is 15 of 59
Answer Stats
State Date Answer Note % Correct
Louisiana 1812 New Orleans
74%
Louisiana 1831 New Orleans
74%
Louisiana 1865 New Orleans
74%
New York 1788 New York
74%
Pennsylvania 1776 Philadelphia
71%
Michigan 1837 Detroit
65%
Georgia 1776 Savannah
59%
Georgia 1782 Savannah
59%
Georgia 1784 Savannah
59%
Maine 1820 Portland
55%
South Carolina 1776 Charleston
54%
Connecticut 1776 New Haven joint
49%
Georgia 1778 Augusta
45%
Georgia 1781 Augusta
45%
Georgia 1786 Augusta
45%
California 1850 San Jose
45%
Tennessee 1796 Knoxville
40%
Tennessee 1817 Knoxville
40%
Louisiana 1863 Shreveport
38%
Rhode Island 1776 Newport rotating
34%
Rhode Island 1854 Newport joint
34%
Georgia 1864 Macon
33%
Alabama 1819 Huntsville
29%
Alabama 1826 Tuscaloosa
26%
Iowa 1846 Iowa City
24%
Pennsylvania 1799 Lancaster
19%
West Virginia 1863 Wheeling
19%
West Virginia 1875 Wheeling
19%
Mississippi 1821 Natchez
13%
Virginia 1776 Williamsburg
13%
Tennessee 1818 Murfreesboro
11%
North Carolina 1789 Fayetteville
10%
Georgia 1796 Louisville
10%
Delaware 1776 New Castle
10%
California 1852 Vallejo
10%
North Carolina 1776 New Bern
9%
California 1853 Benicia
8%
Rhode Island 1776 Bristol rotating
8%
Ohio 1803 Chillicothe
8%
Ohio 1812 Chillicothe
8%
Georgia 1807 Milledgeville
8%
Georgia 1865 Milledgeville
8%
Ohio 1810 Zanesville
7%
Indiana 1816 Corydon
6%
Illinois 1818 Kaskaskia
6%
Tennessee 1807 Kingston for one day
6%
Missouri 1821 St. Charles
6%
Illinois 1820 Vandalia
6%
New Hampshire 1776 Exeter
5%
Vermont 1791 Windsor
5%
Georgia 1782 Ebenezer
2%
Oklahoma 1907 Guthrie
2%
Louisiana 1862 Opelousas
2%
New Jersey 1776 Perth Amboy joint
2%
Alabama 1820 Cahawba
1%
Louisiana 1830 Donaldsonville
1%
Rhode Island 1776 East Greenwich rotating
1%
Rhode Island 1776 South Kingstown rotating
1%
Georgia 1780 Heard's Fort
0%
No matching quizzes found
Score Distribution
Percent of People with Each Score
Percentile by Number Answered
Your Score History
You have not taken this quiz